LEADER 01685nam a2200337 u 4500 001 000000081966 003 CaOOAMICUS 005 20070226123819.0 008 050404s2003 enk u000 u eng u 020 $a0521532817 035 $a11037519 040 $aMSA$bita 245 00$aRefugee protection in international law :$bUNHCR's global consultations on international protection /$cedited by Erika Feller, Volker Turk, and Frances Nicholson. 260 $aNew York :$bCambridge University Press,$c2003. 300 $alix, 717 p. ;$c24 cm 504 $aBibliografia in nota. 650 4$aDiritto internazionale.$0(OLS)http://pul/subject/2505 650 4$aRifugiati.$0(OLS)http://pul/subject/16480 700 1 $aFeller, Erika.$0(OLS)http://pul/name/54558 700 1 $aNicholson, Frances.$0(OLS)http://pul/name/54560 700 1 $aTurk, Volker.$0(OLS)http://pul/name/54559 710 2 $aOffice of the United Nations High Commissioner for Refugees (UNHCR).$0(OLS)http://pul/name/54561 850 $aPUL 852 $aPUL$W1$xSL Diritto e Scienze Sociali 3$y79$m341. 4 FELER 1$j104488$nBK-PRI$b $qDDC 21$B104488$CPULBib$Z2$F104488 $HPUL99534 $81 910 $aAlto Commissariato delle Nazioni Unite per i Rifugiati (UNHCR)$954561 910 $aUNHCR$954561 910 $aUnited Nations High Commissioner for Human Rights (UNHCR)$954561 941 1 $a9 996 $6020$a0521532817$9(OLS)http://pul/number/108592 996 $6245$aRefugee protection in international law :$bUNHCR's global consultations on international protection$9(OLS)http://pul/title/107134 996 $6260$aNew York :$bCambridge University Press$9(OLS)http://pul/publisher/74871 LEADER 04360nam a2200553 a 4500 001 000000045062 003 CaOOAMICUS 005 20101201134714.0 008 990518s1582 it u000 u lat r 026 $ao.s- ueto$broo. tusi (3)$c1582 (R)$dpt. 1 026 $aide.s.am$b,*t, taqu (3)$c1582 (R)$dpt. 2 035 $a10823447 040 $aPUL$bita 100 0 $aPaulus De Castro,$d1360 ca.-1441.$0(OLS)http://pul/name/32853 245 10$aPauli Castrensis In primam [-secundam] Digesti novi partem commentaria: cum multis tum D. Francisci Curtii, tum etiam aliorum quorundam pr[a]estantiss. virorum adnotationibus illustrata ... Recens additis ... summariis ... 246 30$aIn primam [-secundam] Digesti novi partem commentaria 260 $aVenetiis :$b[Lucantonio Giunta il giovane],$c1582$e(Venetiis,$g1582) 300 $a2 p. (91 ; 111 c.) ;$cfol. (41 cm) 500 $aFrontespizi in rosso e nero. 500 $aMarca tipogr. sui front.: Giglio fiorentino e iniziali L. A. In cornice figurata. In alto la Giustizia (donna alata con la spada e la bilancia). 500 $aEditore desunto dalla marca tipografica. 500 $aTesto su colonne. 500 $aSegnatura: a-l8 m6 (p. 1). 500 $aSegnatura: Aa-Oo8 (p. 2). 500 $aLa carta m6 è bianca. 500 $aIniziali xil. 500 $aMarca tipografica in fine di ogni parte: Giglio fiorentino e iniziali L. A. circondati da ghirlanda sorretta da due putti. 500 $aPresenza di registro in fine di ogni parte. 500 $aLa c. 93 erroneamente numerata 91. 630 04$aCorpus iuris civilis$pDigesta$xCommenti$ySec. XVI.$0(OLS)http://pul/subject/37219 662 $aItalia$dVenezia.$0(OLS)http://pul/subject/34951 700 1 $aCorti, Francesco,$dm. 1495.$0(OLS)http://pul/name/32445 710 0 $aGiunta, Lucantonio II,$d1566-1601$4pbl.$0(OLS)http://pul/name/71294 777 1 $aPaulus De Castro, 1360 ca.-1441.$tPauli Castrensis In primam [-secundam] Digesti veteris commentaria, cum multis tum Francisci Curtii, tum etiam aliorum, quorundam pr[a]estantiss. virorum adnotationibus illustrata ... Recens additis ... summariis ...$dVenetiis : [Lucantonio Giunta il giovane], 1582.$w()45059 777 1 $aPaulus De Castro, 1360 ca.-1441.$tPauli Castrensis In primam [-secundam] Infortiati partem commentaria: cum multis tum D. Francisci Curtii, tum etiam aliorum quorundam pr[a]estantiss. virorum adnotationibus illustrata ... Recens additis ... summariis ...$dVenetiis : [Lucantonio Giunta il giovane], 1582$w()45061 777 1 $aPaulus De Castro, 1360 ca.-1441.$tPauli Castrensis In primam [-secundam] Codicis partem commentaria.$dVenetiis : [Lucantonio Giunta il giovane], 1582$w()45060 777 1 $aPaulus De Castro, 1360 ca.-1441.$tPauli Castrensis Avenionicae praelectiones: in titulos quamplures primae partis ff. Veteris, necnon secundae Digesti Novi, sane per quam utiles et necessariae ...$dVenetiis : [Lucantonio Giunta il giovane], 1582$w()45063 777 1 $aPaulus De Castro, 1360 ca.-1441.$tRepertorium locupletissimum ... Pauli Castrensis, in omnia eius utilissima commentaria, seriem tum rerum, tum etiam sententiarum memorabilium ...$bNovissima hac editione summa diligentia repurgatum, et ita aptissime dispositum ...$dVenetiis : [Lucantonio Giunta il giovane], 1582.$w()123650 850 $aPUL 852 $aPUL$W1$xDP1 Antico 500$y12$m204 F 7$j60575$nBK-PRI$aPrimam...; Secundam Digesti Novi partem...$qStampati Antico$B60575$CPULBib$Z2$F60575 $HPUL3734 $82 900 $aDe Castro, Paolo,$d1360 ca.-1441$932853 900 $aCurzio, Francesco,$dm. 1495$932445 941 1 $a8 941 1 $a15 961 $aTimbri: Bibliotheca Pontificium Institutum Utriusque Iuris.Ex libris: Sac. V. Todeschi.Il bifolio h4 erroneamente inserito tra h1 e h2.La prima e la seconda parte rilegate insieme. 996 $6245$aPauli Castrensis In primam [-secundam] Digesti novi partem commentaria: cum multis tum D. Francisci Curtii, tum etiam aliorum quorundam pr[a]estantiss. virorum adnotationibus illustrata ... Recens additis ... summariis ...$9(OLS)http://pul/title/60762 996 $6246$aIn primam [-secundam] Digesti novi partem commentaria$9(OLS)http://pul/title/60763 996 $6260$aVenetiis :$b[Lucantonio Giunta il giovane]$9(OLS)http://pul/publisher/65986